|
|
|
|
| LEADER |
00000nab a2200000 a 4500 |
| 001 |
vtls000448316 |
| 003 |
SK-MaSNL |
| 005 |
20260303210717.0 |
| 008 |
160204c1990 xo 0 slo |
| 015 |
|
|
|a SNBRA19rr/mm-uuuuu
|
| 035 |
|
|
|a CL0448447
|
| 040 |
|
|
|a SNKBUCL
|b slo
|c SNKBUCL
|e AACR2
|
| 041 |
0 |
|
|a slo
|
| 044 |
|
|
|a xo
|c SK
|
| 080 |
|
|
|a 621.757:658.512.2
|2 1981
|
| 080 |
|
|
|a 658.512.2
|2 1981
|
| 080 |
|
|
|a 658.515
|2 1981
|
| 100 |
1 |
|
|a Chaľ, Ján,
|d 1961-
|4 aut
|9 177345
|
| 245 |
1 |
0 |
|a Súčasné prístupy ku konštruovaniu z hľadiska montáže
|c Ján Chaľ
|
| 300 |
|
|
|b Lit. 6 zázn. v angl.
|
| 650 |
0 |
7 |
|a konštruovanie
|2 snkbucl
|9 4996
|
| 650 |
0 |
7 |
|a montáže
|2 snkbucl
|9 57156
|
| 655 |
|
7 |
|a články zo zborníkov
|2 snkbucl
|9 166140
|
| 773 |
0 |
|
|t Automatizácia a robotizácia montážnych procesov
|d Košice : Dom techniky ZSVTS, 1990
|
| 850 |
|
|
|a Slovenská národná knižnica v Martine
|a MTA001
|
| 852 |
|
|
|a SNK
|b KIS3GCP
|
| 958 |
|
|
|a NB
|
| 958 |
|
|
|a RK
|
| 992 |
|
|
|a RZB
|
| 999 |
|
|
|c 2201313
|d 2203243
|